02636cam a2200373 i 4500001001000000003000600010005001700016008004100033020003100074020003700105035002200142040007600164041001200240043001200252049000900264050002700273100013400300245005000434250001900484264005200503264001100555300002300566520106300589650007501652650008801727650008001815650003701895651003201932655008601964655009602050942000802146952009302154999001502247a45082264SIRSI20250828090841.0240305t20242024nyu 000 1 eng d a9781250891976q(hardcover) a9781250891990q(trade paperback) a(OCoLC)1424951825 aIEPbengerdacIEPdIEPdGZDdOCLCOdIUKdYDXdMWDdVP@dOCLCQdUtOrBLW aEnglish an-us-md aUPMM14aPS3620.H6477bS83 2024 aThompson, Aggie Blum,eauthor.0http://id.loc.gov/authorities/names/n20210107104http://id.loc.gov/vocabulary/relators/aut92582410aSuch a lovely family c/ Aggie Blum Thompson. aFirst edition. 1aNew York :bForge, Tor Publishing Group,c2024. 4c©2024 a340 pages ;c22 cm aThe cherry blossoms are in full bloom in Washington, D.C., and the Calhouns are in the midst of hosting their annual party to celebrate the best of the spring season. With a house full of friends, neighbors, and their beloved three adult children, the Calhouns are expecting another picture-perfect event. But a brutal murder in the middle of the celebration transforms the yearly gathering into a homicide scene, and all the guests into suspects. Behind their façade of perfection, the Calhoun family has been keeping some very dark secrets. Parents who use money and emotional manipulation to control their children. Two sons, one the black sheep who is desperate to outrun mistakes he’s made, and the other a new father, willing to risk everything to protect his child. And a daughter: an Instagram influencer who refuses to face the truth about the man she married. As the investigation heats up, family tensions build, and alliances shift. Long-buried resentments surface, forcing the Calhouns to face their darkest secrets before it’s too late. 0aPartiesvFiction.0http://id.loc.gov/authorities/subjects/sh2008109510 0aFamily secretsvFiction0http://id.loc.gov/authorities/subjects/sh2008103513923679 0aMurdervFiction0http://id.loc.gov/authorities/subjects/sh2008107179925440 0aHomicide investigationvFiction. 0aWashington (D.C.)vFiction. 0aThrillers (Fiction)0http://id.loc.gov/authorities/genreForms/gf2014026571922669 0aDetective and mystery fiction0http://id.loc.gov/authorities/genreForms/gf2014026280923664 2lcc 00102lcc4070aTBSbTBSd2025-08-28l0oP-EN BLUpB05625r2025-08-28t1w2025-08-28y1 c4894d4894